• 首页
  • 本馆介绍
  • 公告通知
  • 最新文献
  • 馆藏检索
  • 电子资源
  • 读者导购
  • 参考咨询
  • 我的图书馆
  • 登录
  • 详细信息显示
  • 放入我的书架
  • 预约/预借图书
  • 作者相关作品
  • 分类相关作品
  • 丛书相关作品
  • 出版社相关作品

书目信息

  • 表格格式
  • 工作单格式
  • 卡片格式
题名:
中国北方农牧交错带土地利用时空格局与优化模拟
    
 
作者: 史培军 著
分册:  
出版信息: 北京   科学出版社  2009
页数: 243页
开本: 26cm
丛书名:
单 册:
中图分类: F321.1 , TV213.9
科图分类:
主题词: 土地利用--研究--中国 , 水资源利用--研究--中国 , 土地利用 , 水资源利用
电子资源:
ISBN: 978-7-03-024811-4
000 01230nam0 2200289 45
001 1050889547
005 20100415170213.48
010    @a978-7-03-024811-4@dCNY55.00
100    @a20100408d2009 em y0chiy50 ea
101 0  @achi@eeng
102    @aCN@b110000
105    @aa z 000yy
106    @ar
200 1  @a中国北方农牧交错带土地利用时空格局与优化模拟@AZhong Guo Bei Fang Nong Mu Jiao Cuo Dai Tu Di Li Yong Shi Kong Ge Ju Yu You Hua Mo Ni@f史培军[等]著@FShi Pei Jun [ Deng ] Zhu
210    @a北京@c科学出版社@d2009
215    @a243页@c图,彩图@d26cm
304    @a著者还有:李晓兵、杨劼、王静爱、宋炳煜
330    @a本书介绍了中国北方农牧交错带上开展的生态安全、土地利用优化和生态用水等方面的研究进展,开展了该区生态安全条件下土地利用格局的优化模拟研究,分析了北方农牧交错带土地利用变化对水旱灾害、雪灾和风沙灾害的影响,并展开各种自然和生态灾害的脆弱性/危险度评价,分析了中国北方草地与农牧交错带生态用水的空间格局和数量。
606 0  @a土地利用@x研究@y中国
606 0  @a水资源利用@x研究@y中国
606 0  @a土地利用
606 0  @a水资源利用
690    @aF321.1@v4
690    @aTV213.9@v4
701  0 @a史培军@AShi Pei Jun@f(1959~)@4著
801  0 @aCN@bTANGWEI@c20100415
905    @b0591459-63@dF321.1@e124@f5
    
    中国北方农牧交错带土地利用时空格局与优化模拟/史培军[等]著.-北京:科学出版社,2009
    243页:图,彩图;26cm
    
    
    ISBN 978-7-03-024811-4:CNY55.00
    本书介绍了中国北方农牧交错带上开展的生态安全、土地利用优化和生态用水等方面的研究进展,开展了该区生态安全条件下土地利用格局的优化模拟研究,分析了北方农牧交错带土地利用变化对水旱灾害、雪灾和风沙灾害的影响,并展开各种自然和生态灾害的脆弱性/危险度评价,分析了中国北方草地与农牧交错带生态用水的空间格局和数量。
●
相关链接 在E读中查询图书 在五车中查询图书 在当当中查询图书 在豆瓣中查询图书


正题名:中国北方农牧交错带土地利用时空格局与优化模拟     索取号:F321.1/124         预约/预借

序号 登录号 条形码 馆藏地/架位号 状态 备注
1 0591459   205914590   第一样本阅览室/ [索取号:F321.1/124] 在馆    
2 0591460   205914607   密集书库-海洋学院/ [索取号:F321.1/124] 在馆    
3 0591461   205914616   第一借阅区/ [索取号:F321.1/124] 在馆    
4 0591462   205914625   第一借阅区/ [索取号:F321.1/124] 在馆    
5 0591463   205914634   第一借阅区/ [索取号:F321.1/124] 在馆    
唐山师范学院图书馆 欢迎您!
大连网信软件有限公司© 版权所有